000 00601nam a22001577a 4500
003 ASAB
005 20180827062843.0
008 180514t xxu||||| |||| 00| 0 eng d
040 _cASAB
100 _aJavira Hanif-Sup-Dr. Hussnain Janjua
_93964
245 _aTH-MS-Biological synthesis of silver nanoparticles from Artemisia scoparia Waldast & Kit, Rhazya atricta Dene and Libellulidae and their industrial applications
_cJavira Hanif-Sup-Dr. Hussnain Janjua
260 _aIslamabad
_bASAB NUST
_c2014
300 _axxiii, 171 P
_b30 cm
630 _aVirology and Immunology
_93965
942 _2ddc
_cTH
999 _c480882
_d480882